01480nam a2200289 a 450000100100000000500170001000800410002704000250006808200200009310000380011324501020015126000410025330000210029449000170031559000280033265000280036065000310038870000500041983000240046991000390049395201330053295201330066595201330079895201180093195201240104999900170117300001123720240412074224.0091015s1974 dr 001 p spa d aDO-SdBNPbspacBNPHU aRD861.44bW646o1 aWieland de Lambach, Ursula92680210aOrquídeas del medio día /cUrsula Wieland de Lambach ; prólogo Pedro René Contín Aybar. aSanto Domingo :bCenturión,c1974. a115 p. ;c20 cm.1 aLiterariav2 aInventariado, 2019 / DG 0aPoesía dominicana966 0aLiteratura dominicana.9671 aContín Aybar, Pedro René.epról.923772 0aLiterarian2926803 aValidado. Control de calidad BNPHU 001052708DSaGRbGRcHDd2009-10-15iLF1l0oRD861.44 W646op11237-30r2020-06-25te. 3w2020-06-25yLFDSZPréstamo interno 001052708DSaGRbGRcHDd2009-10-15iLF1l0oRD861.44 W646op11237-40r2020-06-25te. 4w2020-06-25yLFDSZPréstamo interno 001052708DSaGRbGRcHDd2009-10-15iLF1l0oRD861.44 W646op11237-50r2020-06-25te. 5w2020-06-25yLFDSZPréstamo interno 0010718PDaPDbPDcHDd2009-10-15iLF1l0oRD861.44 W646op11237-10r2020-06-25w2020-06-25yLFPDZNo se presta 0010718PDaPDbPDcHDd2009-10-15iLF1l0oRD861.44 W646op11237-20r2020-06-25te. 2w2020-06-25yLFPDZNo se presta c10956d10956